Statistics for Kiwi Quiz

Click here to take the quiz!

General Stats

  • This quiz has been taken 4 times
  • The average score is 5 of 7

Answer Stats

QuestionAnswer% Correct
How much do they fly?Never
100%
How do they find food?Smell
100%
What percentage of a pregnant Kiwi's weight is egg?15-20%
75%
When are they out?All night
75%
What do Kiwi eat?Worms
50%
They are critically endangered.False
25%
Which of these is a species of Kiwi?Southern Brown Kiwi
25%

Score Distribution

Percentile by Number Answered

Percent of People with Each Score

Your Score History

You have not taken this quiz